1464 1943 1120 1396 1551 1774 1223 1029 1084 1253 1029 1600 1638 1893 1455 1323 1308 1981 1486 1980 1067 1651 1738 1309 1558 1361 1223 1708 1190 1428 1633 1565 1015 1371 1923 1539 1104 1280 1871 1665 1150 1015 1988 1235 1323 1824 1413 1898 1935 1932 1619 1847 1662 1565 1715 1961 1255 1239 1700 1420 1137 1979 1633 1981 1143 1424 1383 1485 1397 1577 1278 1979 1514 1777 1693 1236 1441 1381 1090 1641 1273 1997 1336 1700 1531 1847 1814 1343 1043 1541 1316 1567 1993 1832 1309 1318 1538 1238 1797 BCNSPRNW ULIB Ver.6.0+V

เปลี่ยนเป็นภาษาไทย

Change to English
 แสดงรายละเอียดบรรณานุกรม
  กลับหน้าหลัก

Brief Record : Get Marc (ISO 2709) : E-mail record : QR code < ปิดหน้าต่าง
LEADER : 00000nam 2200000uu 4500
001    13399113644
003     ULIB
008    111209s2547||||th 000 0 tha d
020    ^a9743233091
090    ^aนว.^bบ896ย 2547
100    ^aแบลดเลย์, เจมส์
245    ^aยุทธภูมินรกอโวจิมา = Flags of our fathers/^cแบลดเลย์, เจมส์
250    ^aพิมพ์ครั้งที่ 1
260    ^aกรุงเทพฯ :^bมติชน,^c2547
300    ^a335 หน้า
710 1  ^aมติชน
945    ^p220^l0^i021597
995    ^aทศพร
999 ^a ทศพร
รายการนี้ยังไม่มีแท็ก
คุณยังไม่ได้ล็อกอิน คุณสามารถมีกิจกรรมร่วมกับเว็บไซต์ได้ แต่ต้องล็อกอินก่อน ::
  ล็อกอิน

รายการสื่อสารสนเทศ

ลำดับที่ ประเภท เลขเรียก/บาร์โค้ด สถานที่ สถานะ
1. นวนิยาย
นวนิยาย
นว. บ896ย 2547 ฉ.1 
  Barcode: 021597
ห้องสมุดวิทยาเขตสวรรค์ประชารักษ์
►นวนิยาย
บนชั้น
  ขอยืม

BibComment


ยังไม่เคยถูกคอมเมนท์

คอมเมนท์ทรัพยากรรายการนี้
  คอมเมนท์: ยุทธภูมินรกอโวจิ..


 Copyright 2026. Bcnsprnw @Library